| 000 | nam a22 a 4500 | ||
|---|---|---|---|
| 999 |
_c331759 _d331759 |
||
| 003 | BLK | ||
| 005 | 20201204085553.0 | ||
| 008 | 190619b bu ||||| |||| 00| 0 bu d | ||
| 020 | _a9789542722434 | ||
| 040 | _aBLK | ||
| 041 |
_aBUL _cBUL |
||
| 080 |
_aАнглийска литература _b821.111 _x-31 _z821.111-31 |
||
| 100 |
_aШпилман, Лори Нелсън _eпърви автор _91299 |
||
| 139 | _bШ 94 | ||
| 245 |
_aЗаветни думи _cЛори Нелсън Шпилман; прев. от англ. Анелия Янева. |
||
| 260 |
_9390250 _aСофия _bАнишър _c2018 |
||
| 300 |
_a367 с. _c21 см |
||
| 380 | _aX | ||
| 500 | _aОриг. загл.: Quote me / Lori Nelson Spielman. - Анишър - търг. марка на Егмонт България. | ||
| 700 |
_9323555 _aЯнева, Анелия Великова _eпрев. от англ. |
||
| 852 | _aЦб 295191 | ||
| 942 |
_cKNG _n0 _s1 _01 |
||
| 944 |
_aCR _kСимона Петрова |
||
| 999 | _d331759 | ||